| 000 | 00362nam a2200157Ia 4500 | ||
|---|---|---|---|
| 008 | 230312s9999||||xx |||||||||||||| ||und|| | ||
| 020 | _a81-312-2516-5 | ||
| 082 |
_a616.042 _bJOR-M |
||
| 100 | _aJorde,Lynn.B | ||
| 245 | 0 | _aMedical Genetics | |
| 260 |
_bElsevier _aIndia _c2010 |
||
| 300 | _a350 | ||
| 546 | _aEng. | ||
| 650 |
_aMedical _vpathology |
||
| 942 | _cBK | ||
| 999 |
_c5690 _d5690 |
||